00363nam a22001337a 450000500170000000800410001704100120005808200120007010000120008224500300009426000470012430000330017165000250020420240730134518.0240730b |||||||| |||| 00| 0 eng d aEnglish a349 SOU lEnglish aSouth African Law Reports aCape Town: bJuta and Company Ltd, c1914  blxxxi, 1118 pages; c26 cm.  aLegal practice bLaw